000 01093nam a2200277Ia 4500
003 OSt
005 20221005103422.0
006 a|||||r|||| 00| 0
007 ta
008 221004b |||||||| |||| 00| 0 hin d
020 _a9789382284048 (hbk)
_c2194
024 _a2233
037 _b299, 30/11/2012, Eastern Book Linkers
_cTextual
040 _aCRL
_cCRL
_bhin
041 _2hin
_ahin
082 _aR6, 152Q2.1-.2
100 _aतातेड़, सोहन राज
245 0 _aभारतीय दर्शन के विभिन्न स्वरुप
246 _aBhāratīya darshan ke vibhinna svarupa
260 _aजयपुर
_bदीपक पब्लिशर्स भारत
_c2012
490 _vभाग 1
650 _aहिन्दी साहित्य
700 _a विद्यासागर सिंह
942 _hR6, 152Q2.1-.2
_cTEXL
_2cc
999 _c1010046
_d1010046